Normal view
MARC view
- Llewellyn R. Snyder
Entry Personal Name
001 - CONTROL NUMBER
- control field: 102690
003 - CONTROL NUMBER IDENTIFIER
- control field: NUST
005 - DATE AND TIME OF LATEST TRANSACTION
- control field: 20221116131603.0
008 - FIXED-LENGTH DATA ELEMENTS
- fixed length control field: 221116|| aca||aabn | a|a d
040 ## - CATALOGING SOURCE
- Original cataloging agency: NUST
- Transcribing agency: NUST
100 ## - HEADING--PERSONAL NAME
- Personal name: Llewellyn R. Snyder
670 ## - SOURCE DATA FOUND
- Source citation: Work cat.: (NUST)180342: Snyder, Llewellyn R. 102689, Computational arithmetic /, 1968
